000 00403nam a22001697a 4500
003 MPLRDC
005 20220104164202.0
008 210129b ||||| |||| 00| 0 eng d
020 _a0-671-42351-7
082 _a859.6 DIX
100 _aFRANKLIN W. DIXON
245 _aTHE VOODOO PLOT
_c
260 _a
_bWANDERER BOOKS
_c
300 _b
650 _aCHILDREN LITERATURE
942 _cBK
_o859.6 DIX
999 _c56832
_d56822